Cassette Beasts - Archangels - Statistics

General Stats
  • This quiz has been taken 8 times
  • The average score is 14 of 24
Answer Stats
Bestiary # Archangel % Correct
#A01 Morgante
100%
#A02 Morgante
100%
#A14 Aleph
71%
#A12 Babelith
71%
#A15 Aleph Null
57%
#A08 Alice
57%
#A07 Heckahedron
57%
#A16 Helia
57%
#A11 Lamento Mori
57%
#A10 Mammon
57%
#A03 Morgante Gestalt
57%
#A05 Mourningstar
57%
#A06 Nowhere Monarch
57%
#??? Pearl
57%
#A04 Poppetox
57%
#A09 Robin Goodfellow
57%
#A13 The Amber Lodge
57%
#A20 Bytten Studio
43%
#??? Gwenivar
43%
#A18 Lenna
43%
#??? Raven
43%
#??? Rose
43%
#A19 Shadow Lenna
43%
#A17 The Mer-Line
43%
No matching quizzes found
Score Distribution
Percent of People with Each Score
Percentile by Number Answered
Your Score History
You have not taken this quiz